logo

Bir Sreshtho Munshi Abdur Rouf Library
Jhenaidah Cadet College

ঈশ্বরচন্দ্র বিদ্যাসাগর / (Record no. 3013)

MARC details
000 -LEADER
fixed length control field 00693nam a2200229 a 4500
001 - CONTROL NUMBER
JCCL Control Number 3013
003 - CONTROL NUMBER IDENTIFIER
JCCL marc code BD-JhCC
005 - DATE AND TIME OF LATEST TRANSACTION
control field 20171109113635.0
008 - FIXED-LENGTH DATA ELEMENTS--GENERAL INFORMATION
fixed length control field 171109s2014 bg ||||| |||| 00| 0 ben d
020 ## - INTERNATIONAL STANDARD BOOK NUMBER
International Standard Book Number 9789849076445
035 ## - SYSTEM CONTROL NUMBER
system control number (BD-JhCC)3013
040 ## - CATALOGING SOURCE
Original cataloging agency BD-JhCC
Modifying agency BD-JhCC
041 ## - LANGUAGE CODE
Language code of Book ben
082 ## - DEWEY DECIMAL CLASSIFICATION NUMBER
Classification number 920.00
Author mark and Year MOM 2014
100 ## - MAIN ENTRY--PERSONAL NAME
Personal name মোমেন, আবুল
245 ## - TITLE STATEMENT
Title ঈশ্বরচন্দ্র বিদ্যাসাগর /
Statement of responsibility, etc আবুল মোমেন
260 ## - PUBLICATION, DISTRIBUTION, ETC. (IMPRINT)
Place of publication, distribution, etc ঢাকা :
Name of publisher, distributor, etc প্রথমা প্রকাশনী,
Date of publication, distribution, etc 2014.
300 ## - PHYSICAL DESCRIPTION
Pagination 63 p. :
Dimensions 19 cm.
650 ## - SUBJECT ADDED ENTRY--TOPICAL TERM
Topical term or geographic name as entry element Ishwarchandra Vidyasagar
General subdivision Biography
942 ## - ADDED ENTRY ELEMENTS (KOHA)
Source of classification or shelving scheme Dewey Decimal Classification
Koha item type Books
Holdings
Source of classification or shelving scheme Damaged status Not for loan Home library Current library Shelving location Date of accession Source of acquisition Cost, normal purchase price Total Checkouts Full call number Barcode Date last seen Copy number Koha item type
Dewey Decimal Classification     JCC Rouf Library JCC Rouf Library General Stacks 11/09/2017 IPDC 150.00   920.00 MOM 2014 4910 11/09/2017 C-1 Books

JCC Library | Contacts | JCC Home

Last Update on 23 September 2017
Copyright @ 2017-2020 JCC Rouf Library
Rouf Library, Jhenidah Cadet College (JCC), Bangladesh